000 00429nam a2200181Ia 4500
008 090123s9999 xx 000 0 und d
082 _b37416
100 _aBALSUBRAMANIAN J.P.
245 _aLET US THINK
250 _a0
260 _bHEMLATA MEMORIAL TRUST
_c2004
300 _a144
600 _aBALSUBRAMANIAN J.P.
630 _aLET US THINK
700 _aBALSUBRAMANIAN J.P.
730 _aLET US THINK
942 _cBOOK
999 _c75484
_d75484